[Event "HUN-chT2 Barcza 1819"]
[Site "Hungary"]
[Date "2019.02.24"]
[Round "8.5"]
[White "Vanczak, Attila"]
[Black "Szilvasi, Marcell"]
[Result "1-0"]
[WhiteElo "2185"]
[BlackElo "1921"]
[PlyCount "65"]
[EventDate "2018.09.23"]
[EventType "team-tourn"]
[EventRounds "11"]
[EventCountry "HUN"]
[SourceTitle "CBM 189 Extra"]
[Source "ChessBase"]
[SourceDate "2019.06.03"]
[SourceVersion "1"]
[SourceVersionDate "2019.06.03"]
[SourceQuality "1"]
[WhiteTeam "Miskolc Kisbocsok"]
[BlackTeam "Kazincbarcika"]
[WhiteTeamCountry "HUN"]
[BlackTeamCountry "HUN"]

1. d4 Nf6 2. Nf3 e6 3. Bf4 c5 4. e3 Nc6 5. Nbd2 Nh5 6. Bg5 Be7 7. Bxe7 Qxe7 8. Be2 cxd4 9. Nxd4 Nxd4 10. Bxh5 Nc6 11. c4 Qg5 12. 0-0 d5 13. Bf3 Ne5 14. Rc1 Nxf3+ 15. Nxf3 Qf6 16. cxd5 Qxb2 17. d6 Qb5 18. a4 Qd5 19. Rc7 Bd7 20. Qc2 Rd8 21. Rd1 Qa5 22. Rd4 Bc6 23. Re7+ Kf8 24. Rf4 f6 25. Rxe6 Qd5 26. Ree4 Rxd6 27. Rd4 Qe6 28. Qc5 Ke7 29. Nd2 Rc8 30. Qa3 g5 31. Rfe4 Bxe4 32. Rxe4 Qxe4 33. Nxe4 1-0

[Event "HUN-chT2 Barcza 1819"]
[Site "Hungary"]
[Date "2019.02.10"]
[Round "7.5"]
[White "Szabo, Istvan1111"]
[Black "Vanczak, Attila"]
[Result "0-1"]
[WhiteElo "1847"]
[BlackElo "2185"]
[PlyCount "86"]
[EventDate "2018.09.23"]
[EventType "team-tourn"]
[EventRounds "11"]
[EventCountry "HUN"]
[SourceTitle "CBM 189 Extra"]
[Source "ChessBase"]
[SourceDate "2019.06.03"]
[SourceVersion "1"]
[SourceVersionDate "2019.06.03"]
[SourceQuality "1"]
[WhiteTeam "Hajduszoboszlo"]
[BlackTeam "Miskolc Kisbocsok"]
[WhiteTeamCountry "HUN"]
[BlackTeamCountry "HUN"]

1. c4 e6 2. Nc3 d5 3. e3 c6 4. Nf3 f5 5. Ne5 Nf6 6. b3 Bd6 7. f4 b6 8. Bb2 0-0 9. Be2 Bb7 10. 0-0 Nbd7 11. Nxd7 Qxd7 12. d4 Rac8 13. Rc1 c5 14. Ba3 Rfd8 15. Nb5 Bb8 16. dxc5 bxc5 17. cxd5 Bxd5 18. Rxc5 Qb7 19. Rxc8 Rxc8 20. Nd4 Bxg2 21. Bf3 Bxf3 22. Qxf3 Qxf3 23. Rxf3 Kf7 24. h3 a6 25. Rf2 Ba7 26. Rc2 Rxc2 27. Nxc2 Nd5 28. Kg2 Nxe3+ 29. Nxe3 Bxe3 30. Kf3 Bb6 31. Bb4 Bd8 32. a3 g5 33. Bd2 h6 34. b4 Ke8 35. Ke2 Kd7 36. Kd3 Kc6 37. Kc4 g4 38. hxg4 fxg4 39. Be1 h5 40. a4 h4 41. b5+ axb5+ 42. axb5+ Kb7 43. Kd4 h3 0-1

[Event "HUN-chT2 Barcza 1819"]
[Site "Hungary"]
[Date "2019.01.27"]
[Round "6.5"]
[White "Vanczak, Attila"]
[Black "Mizik, Zsolt"]
[Result "1-0"]
[WhiteElo "2185"]
[BlackElo "1998"]
[PlyCount "55"]
[EventDate "2018.09.23"]
[EventType "team-tourn"]
[EventRounds "11"]
[EventCountry "HUN"]
[SourceTitle "CBM 189 Extra"]
[Source "ChessBase"]
[SourceDate "2019.06.03"]
[SourceVersion "1"]
[SourceVersionDate "2019.06.03"]
[SourceQuality "1"]
[WhiteTeam "Miskolc Kisbocsok"]
[BlackTeam "Tiszavasvar"]
[WhiteTeamCountry "HUN"]
[BlackTeamCountry "HUN"]

1. d4 Nf6 2. Nf3 e6 3. Bf4 d5 4. e3 Be7 5. Nbd2 c5 6. c3 Nc6 7. Bd3 0-0 8. Ne5 Bd7 9. Qf3 Nxe5 10. dxe5 Ne8 11. Qh3 g6 12. Qh6 f5 13. Nf3 Rf7 14. Bg5 Bf8 15. Qh4 Qb6 16. 0-0-0 h6 17. Bf6 Bg7 18. Bxg7 Kxg7 19. g4 f4 20. Bxg6 Kxg6 21. Qh5+ Kg7 22. g5 Rf5 23. gxh6+ Kh7 24. Ng5+ Rxg5 25. Qxg5 Qd8 26. Qxf4 Qe7 27. Rhg1 Rc8 28. Rg3 1-0

[Event "HUN-chT2 Maroczy 1718"]
[Site "Hungary"]
[Date "2018.05.06"]
[Round "9.3"]
[White "Vanczak, Attila"]
[Black "Feher, Gyula"]
[Result "0-1"]
[WhiteElo "2191"]
[BlackElo "2345"]
[PlyCount "54"]
[EventDate "2017.10.29"]
[EventType "team-tourn"]
[EventRounds "9"]
[EventCountry "HUN"]
[SourceTitle "EXT 2021"]
[Source "ChessBase"]
[SourceDate "2020.10.23"]
[SourceVersion "1"]
[SourceVersionDate "2020.10.23"]
[SourceQuality "1"]
[WhiteTeam "Miskolc KisBocsok"]
[BlackTeam "Taban Spartacus"]
[WhiteTeamCountry "HUN"]
[BlackTeamCountry "HUN"]

1. d4 d5 2. Nf3 Nf6 3. c3 g6 4. Bg5 Nbd7 5. Nbd2 Bg7 6. e3 0-0 7. Bd3 c5 8. 0-0 b6 9. e4 cxd4 10. Nxd4 Bb7 11. exd5 Nc5 12. Bc4 Nxd5 13. Qg4 h6 14. N2f3 hxg5 15. Nxg5 Nf6 16. Qh4 Qd7 17. h3 Bd5 18. Be2 e5 19. Nc2 Ne6 20. Bg4 Qe7 21. Bxe6 Bxe6 22. f4 exf4 23. Rxf4 Nh5 24. Raf1 Bh6 25. Rf6 Bxg5 26. Qxg5 Nxf6 27. Rxf6 Qc5+ 0-1

[Event "HUN-chT2 Maroczy 1718"]
[Site "Hungary"]
[Date "2018.02.18"]
[Round "6.3"]
[White "Balla, Tamas Kristof"]
[Black "Vanczak, Attila"]
[Result "1-0"]
[WhiteElo "2346"]
[BlackElo "2200"]
[PlyCount "75"]
[EventDate "2017.10.29"]
[EventType "team-tourn"]
[EventRounds "9"]
[EventCountry "HUN"]
[SourceTitle "EXT 2021"]
[Source "ChessBase"]
[SourceDate "2020.10.23"]
[SourceVersion "1"]
[SourceVersionDate "2020.10.23"]
[SourceQuality "1"]
[WhiteTeam "Kisujszallas"]
[BlackTeam "Miskolc KisBocsok"]
[WhiteTeamCountry "HUN"]
[BlackTeamCountry "HUN"]

1. d4 Nf6 2. c4 Nc6 3. Nf3 e6 4. a3 d6 5. Nc3 Be7 6. e4 e5 7. d5 Nb8 8. Be2 a5 9. h3 Nbd7 10. Be3 0-0 11. g4 Re8 12. b4 Nf8 13. Bd3 Ng6 14. Ne2 Bf8 15. 0-0 Bd7 16. Qd2 c6 17. Ng3 h6 18. Rfb1 a4 19. Rd1 Qc8 20. Rac1 Bxg4 21. hxg4 Qxg4 22. Nh2 Qh3 23. Bf1 Qh4 24. Nf5 Qh5 25. f3 Rac8 26. Qf2 cxd5 27. cxd5 Rxc1 28. Rxc1 Nf4 29. Ng3 Qg6 30. Kh1 h5 31. Bb5 Ra8 32. Nf5 N6xd5 33. Nh4 Qf6 34. exd5 Nxd5 35. Ng2 Be7 36. Qd2 Nxe3 37. Nxe3 Qh4 38. Nf5 1-0

[Event "HUN-chT2 Barcza 1617"]
[Site "Hungary"]
[Date "2016.10.30"]
[Round "3.3"]
[White "Vanczak, Attila"]
[Black "Forgacs, Jozsef"]
[Result "1/2-1/2"]
[WhiteElo "2242"]
[BlackElo "2204"]
[PlyCount "81"]
[EventDate "2016.09.25"]
[EventType "team-tourn"]
[EventRounds "11"]
[EventCountry "HUN"]
[SourceTitle "EXT 2021"]
[Source "ChessBase"]
[SourceDate "2020.10.23"]
[SourceVersion "1"]
[SourceVersionDate "2020.10.23"]
[SourceQuality "1"]
[WhiteTeam "Miskolc Kisbocsok"]
[BlackTeam "Bajnok Sakkiskola"]
[WhiteTeamCountry "HUN"]
[BlackTeamCountry "HUN"]

1. e4 c6 2. d4 d5 3. Nc3 g6 4. Be3 Bg7 5. Qd2 dxe4 6. Nxe4 Nd7 7. Bc4 Nb6 8. Bb3 Nd5 9. Nf3 Nxe3 10. Qxe3 Nf6 11. Nxf6+ Bxf6 12. 0-0 0-0 13. Ne5 Bf5 14. Rad1 Qc8 15. Rfe1 b5 16. Qf4 a5 17. g4 Bxe5 18. Rxe5 Bxg4 19. Rxe7 Qf5 20. Qxf5 gxf5 21. f3 a4 22. fxg4 axb3 23. axb3 fxg4 24. Rf1 Rad8 25. Rf4 h5 26. Rc7 Rd6 27. Re4 Kg7 28. c3 Kg6 29. Kf2 Kg5 30. Rce7 f5 31. R4e5 Rh6 32. c4 bxc4 33. bxc4 Rb8 34. Re2 h4 35. Rd2 Kf4 36. d5 cxd5 37. cxd5 g3+ 38. Kg1 Rhb6 39. Rd4+ Kf3 40. Rd3+ Kf4 41. Rd4+ 1/2-1/2

[Event "HUN-chT2 Maroczy 1415"]
[Site "Hungary"]
[Date "2015.02.08"]
[Round "6"]
[White "Berebora, Ferenc"]
[Black "Vanczak, Attila"]
[Result "1-0"]
[WhiteElo "2434"]
[BlackElo "2232"]
[PlyCount "57"]
[EventDate "2014.10.12"]
[EventType "team-tourn"]
[EventRounds "9"]
[EventCountry "HUN"]
[SourceTitle "EXT 2016"]
[Source "ChessBase"]
[SourceDate "2015.10.08"]
[SourceVersion "1"]
[SourceVersionDate "2015.10.08"]
[SourceQuality "1"]
[WhiteTeam "Kisujszallas"]
[BlackTeam "Miskolc KisBocsok"]
[WhiteTeamCountry "HUN"]
[BlackTeamCountry "HUN"]

1. c4 Nf6 2. Nc3 c5 3. Nf3 e6 4. e4 d6 5. d4 cxd4 6. Nxd4 a6 7. Be2 Be7 8. 0-0 Qc7 9. Be3 0-0 10. Qd2 Nbd7 11. Rac1 b6 12. Rfd1 Bb7 13. f3 Rac8 14. a3 Qb8 15. b4 Bd8 16. Nb3 Bc7 17. Bf4 Ne8 18. Bf1 Rd8 19. Qf2 Kh8 20. c5 dxc5 21. Bxc7 Qxc7 22. bxc5 Nxc5 23. Nxc5 Rxd1 24. Rxd1 bxc5 25. Na4 a5 26. Qxc5 Qxc5+ 27. Nxc5 Bc6 28. Rd8 Rg8 29. Rc8 1-0

[Event "HUN-chT2 Maroczy 1415"]
[Site "Hungary"]
[Date "2014.11.16"]
[Round "2"]
[White "Vanczak, Attila"]
[Black "Istvanovszky, Kalman"]
[Result "1-0"]
[WhiteElo "2232"]
[BlackElo "2300"]
[PlyCount "71"]
[EventDate "2014.10.12"]
[EventType "team-tourn"]
[EventRounds "9"]
[EventCountry "HUN"]
[SourceTitle "EXT 2016"]
[Source "ChessBase"]
[SourceDate "2015.10.08"]
[SourceVersion "1"]
[SourceVersionDate "2015.10.08"]
[SourceQuality "1"]
[WhiteTeam "Miskolc KisBocsok"]
[BlackTeam "Penzugyor II"]
[WhiteTeamCountry "HUN"]
[BlackTeamCountry "HUN"]

1. e4 c5 2. Nf3 d6 3. d4 cxd4 4. Nxd4 Nf6 5. Nc3 g6 6. Be3 Bg7 7. f3 0-0 8. Bc4 Nc6 9. Qd2 Bd7 10. 0-0-0 Ne5 11. Bb3 Rc8 12. h4 a5 13. a4 Nc4 14. Qd3 Nxe3 15. Qxe3 h5 16. Kb1 Rc5 17. Rhe1 Qb8 18. Qd3 Rfc8 19. e5 dxe5 20. Qxg6 Rd5 21. Nxd5 fxg6 22. Nxf6+ Kh8 23. Nxd7 Qa7 24. Nxe5 Kh7 25. c3 Bf6 26. Bc2 Qb6 27. Nd7 Qc7 28. Ne6 Qg3 29. Nef8+ Kh6 30. Nxg6 Bxh4 31. Nxh4 Qxh4 32. Re6+ Kg7 33. Rde1 Re8 34. Rg6+ Kh8 35. Ree6 Rd8 36. Rh6+ 1-0

[Event "HUN-chT2 Barcza 1314"]
[Site "Hungary"]
[Date "2014.02.16"]
[Round "7"]
[White "Vanczak, Attila"]
[Black "Tiba, Vladyslav"]
[Result "1/2-1/2"]
[WhiteElo "2234"]
[BlackElo "2264"]
[PlyCount "61"]
[EventDate "2013.09.08"]
[EventType "team-tourn"]
[EventRounds "11"]
[EventCountry "HUN"]
[SourceTitle "EXT 2016"]
[Source "ChessBase"]
[SourceDate "2015.10.08"]
[SourceVersion "1"]
[SourceVersionDate "2015.10.08"]
[SourceQuality "1"]
[WhiteTeam "Miskolc KisBocsok"]
[BlackTeam "Nyiregyhaza SISE"]
[WhiteTeamCountry "HUN"]
[BlackTeamCountry "HUN"]

1. e4 c6 2. d4 d5 3. exd5 cxd5 4. Bd3 Nc6 5. c3 Nf6 6. Bf4 Bg4 7. Qb3 Qc8 8. Nd2 e6 9. Ngf3 Be7 10. 0-0 0-0 11. Rae1 Bh5 12. Ne5 Nxe5 13. Bxe5 Bg6 14. Bxg6 hxg6 15. c4 dxc4 16. Nxc4 Qd7 17. Ne3 Rfd8 18. Rc1 Rac8 19. Rfd1 Nd5 20. Nxd5 Qxd5 21. Qxd5 exd5 22. Bf4 Bf6 23. Be3 Rc4 24. b3 Rcc8 25. Kf1 Be7 26. Rxc8 Rxc8 27. Rc1 Rxc1+ 28. Bxc1 Bd6 29. h3 f5 30. g4 Kf7 31. Ke2 1/2-1/2

[Event "HUN-chT2 Barcza 1314"]
[Site "Hungary"]
[Date "2013.10.20"]
[Round "3"]
[White "Kiss, Pal"]
[Black "Vanczak, Attila"]
[Result "1-0"]
[WhiteElo "2337"]
[BlackElo "2234"]
[PlyCount "73"]
[EventDate "2013.09.08"]
[EventType "team-tourn"]
[EventRounds "11"]
[EventCountry "HUN"]
[SourceTitle "EXT 2016"]
[Source "ChessBase"]
[SourceDate "2015.10.08"]
[SourceVersion "1"]
[SourceVersionDate "2015.10.08"]
[SourceQuality "1"]
[WhiteTeam "Sajobabony"]
[BlackTeam "Miskolc KisBocsok"]
[WhiteTeamCountry "HUN"]
[BlackTeamCountry "HUN"]

1. d4 Nf6 2. c4 e6 3. Nf3 b6 4. g3 Bb7 5. Bg2 Be7 6. 0-0 0-0 7. Nc3 d6 8. d5 e5 9. e4 Nbd7 10. Ne1 Re8 11. Be3 Nf8 12. Bh3 c6 13. Nd3 c5 14. a3 Bc8 15. Bxc8 Qxc8 16. f3 Ng6 17. Qe2 Rb8 18. Rfc1 h6 19. b4 Nh7 20. Rcb1 Qc7 21. Rb3 cxb4 22. Nxb4 Bg5 23. Bxg5 Nxg5 24. Nc6 Qc8 25. Nxb8 Qc5+ 26. Kg2 Rxb8 27. h4 Nh7 28. Nd1 Nf6 29. Ne3 Nh5 30. Kh2 Rc8 31. a4 Qc7 32. a5 Qd8 33. Nf5 Kh7 34. axb6 axb6 35. Ra7 Rc7 36. Rxc7 Qxc7 37. Qf2 1-0

[Event "HUN-chT2 Barcza 1213"]
[Site "Hungary"]
[Date "2013.04.07"]
[Round "10.2"]
[White "Vanczak, Attila"]
[Black "Herczeg, Tibor"]
[Result "1-0"]
[WhiteElo "2217"]
[BlackElo "2131"]
[PlyCount "103"]
[EventDate "2012.09.16"]
[EventType "team-tourn"]
[EventRounds "11"]
[EventCountry "HUN"]
[SourceTitle "EXT 2014"]
[Source "ChessBase"]
[SourceDate "2013.11.20"]
[SourceVersion "1"]
[SourceVersionDate "2013.11.20"]
[SourceQuality "1"]
[WhiteTeam "Miskolc Kisbocsok"]
[BlackTeam "Sajoszentpeter"]
[WhiteTeamCountry "HUN"]
[BlackTeamCountry "HUN"]

1. e4 c5 2. Nf3 Nc6 3. b4 cxb4 4. d4 d5 5. exd5 Qxd5 6. c4 bxc3 7. Nxc3 Qa5 8. Bd2 e6 9. Bd3 Qd8 10. 0-0 Nf6 11. Re1 Be7 12. Rc1 0-0 13. Bg5 a6 14. Bb1 Re8 15. Qd2 Nb4 16. Ne5 Nfd5 17. Bxe7 Qxe7 18. a3 Nxc3 19. Rxc3 Nd5 20. Rh3 f5 21. Ba2 Qf6 22. Rc1 Qd8 23. Rc5 b6 24. Bxd5 exd5 25. Rcc3 Be6 26. Rc6 Rc8 27. Rhc3 Rxc6 28. Rxc6 Bc8 29. Qb4 Re6 30. Qc3 Rxc6 31. Qxc6 f4 32. f3 Bf5 33. Qb7 Qc8 34. Qxd5+ Be6 35. Qc6 Qxc6 36. Nxc6 Kf8 37. Kf2 a5 38. h4 Ke8 39. Ne5 Ke7 40. Nd3 Bc4 41. Nxf4 b5 42. Ke1 h6 43. h5 Kf6 44. Kd2 Kg5 45. g3 Bf7 46. Kc3 Bxh5 47. Nxh5 Kxh5 48. d5 Kg5 49. f4+ Kf6 50. Kd4 g5 51. fxg5+ hxg5 52. Kc5 1-0

[Event "HUN-chT2 Barcza 1213"]
[Site "Hungary"]
[Date "2012.10.07"]
[Round "2.2"]
[White "Vanczak, Attila"]
[Black "Balogh, Laszlo"]
[Result "0-1"]
[WhiteElo "2217"]
[BlackElo "2200"]
[PlyCount "66"]
[EventDate "2012.09.16"]
[EventType "team-tourn"]
[EventRounds "11"]
[EventCountry "HUN"]
[SourceTitle "EXT 2014"]
[Source "ChessBase"]
[SourceDate "2013.11.20"]
[SourceVersion "1"]
[SourceVersionDate "2013.11.20"]
[SourceQuality "1"]
[WhiteTeam "Miskolc Kisbocsok"]
[BlackTeam "Miskolc EMSE"]
[WhiteTeamCountry "HUN"]
[BlackTeamCountry "HUN"]

1. e4 g6 2. d4 c6 3. Nc3 d5 4. Be3 Bg7 5. Qd2 dxe4 6. Nxe4 Nf6 7. Nxf6+ Bxf6 8. Nf3 a6 9. 0-0-0 Be6 10. Kb1 b5 11. h4 Qd5 12. b3 a5 13. Ng5 Bf5 14. Bd3 a4 15. Bxf5 gxf5 16. Qe2 Bg7 17. Qh5 h6 18. Nf3 axb3 19. cxb3 Nd7 20. Nd2 Nf6 21. Qf3 Qd6 22. Qxf5 Qa3 23. Qc2 Nd5 24. Qb2 b4 25. Rc1 Nc3+ 26. Rxc3 Qxb2+ 27. Kxb2 bxc3+ 28. Kxc3 Rxa2 29. Kd3 f5 30. g3 Ra8 31. Rc1 e5 32. Rxc6 f4 33. gxf4 exd4 0-1

[Event "HUN-chT2 Maroczy 0506"]
[Site "Hungary"]
[Date "2006.01.22"]
[Round "6"]
[White "Abel, Lajos"]
[Black "Vanczak, Attila"]
[Result "1/2-1/2"]
[WhiteElo "2306"]
[BlackElo "2223"]
[PlyCount "47"]
[EventDate "2005.10.16"]
[EventType "team"]
[EventRounds "11"]
[EventCountry "HUN"]
[SourceTitle "EXT 2009"]
[Source "ChessBase"]
[SourceDate "2008.11.26"]
[SourceVersion "1"]
[SourceVersionDate "2008.11.26"]
[SourceQuality "1"]
[WhiteTeam "Koszolg"]
[BlackTeam "Miskolc EMSE"]
[WhiteTeamCountry "HUN"]
[BlackTeamCountry "HUN"]

1. d4 Nf6 2. Nf3 e6 3. Bf4 c5 4. c3 b6 5. e3 Bb7 6. Bd3 Be7 7. Nbd2 cxd4 8. exd4 d6 9. 0-0 0-0 10. Re1 Nbd7 11. Qe2 Re8 12. Rad1 Rc8 13. h3 Qc7 14. Bb5 Bc6 15. a4 Nb8 16. Ra1 Qb7 17. Bg5 Rcd8 18. Bxf6 Bxf6 19. Ne4 Bxe4 20. Qxe4 Qxe4 21. Rxe4 Re7 22. g4 d5 23. Re2 Rb7 24. Kg2 1/2-1/2

[Event "HUN-chT2 Maroczy 0405"]
[Site "Hungary"]
[Date "2005.03.06"]
[Round "9"]
[White "Vanczak, Attila"]
[Black "Mokcsay, Robert"]
[Result "1/2-1/2"]
[WhiteElo "2253"]
[BlackElo "2332"]
[PlyCount "135"]
[EventDate "2004.09.26"]
[EventType "team"]
[EventRounds "11"]
[EventCountry "HUN"]
[SourceTitle "EXT 2008"]
[Source "ChessBase"]
[SourceDate "2007.11.25"]
[SourceVersion "1"]
[SourceVersionDate "2007.11.25"]
[SourceQuality "1"]
[WhiteTeam "Miskolc EMSE"]
[BlackTeam "Penzugyor"]
[WhiteTeamCountry "HUN"]
[BlackTeamCountry "HUN"]

1. e4 e6 2. d3 c5 3. g3 Nc6 4. Bg2 Nge7 5. Nf3 d6 6. 0-0 g6 7. Be3 Bg7 8. c3 Qb6 9. Qd2 0-0 10. Na3 d5 11. Bh6 dxe4 12. dxe4 Rd8 13. Qc1 Bh8 14. Nc4 Qc7 15. Rd1 Rxd1+ 16. Qxd1 b6 17. Nd6 Ne5 18. Nxe5 Bxe5 19. Nxf7 Bg7 20. Bxg7 Kxg7 21. Qd6 Qxd6 22. Nxd6 g5 23. Nxc8 Rxc8 24. Rd1 Rc7 25. Rd6 e5 26. Bh3 Ng8 27. Kf1 Nf6 28. Bf5 Re7 29. Ke2 Ne8 30. Rd7 Rxd7 31. Bxd7 Nd6 32. Bc6 Kf6 33. b3 Nc8 34. h3 Ke6 35. Ke3 h6 36. Bd5+ Kf6 37. f4 Ne7 38. fxg5+ Kxg5 39. Kd3 Nc8 40. Ke3 Nd6 41. a4 Ne8 42. Be6 Kf6 43. Bd7 Nd6 44. Kd3 Ke7 45. Bb5 Kf6 46. Ke3 Kg5 47. Kf3 h5 48. h4+ Kg6 49. g4 a5 50. Bd7 hxg4+ 51. Kxg4 c4 52. bxc4 Nxc4 53. Be8+ Kf6 54. Kf3 Nd6 55. Bc6 Nf7 56. Kg3 Nd6 57. Bd5 b5 58. axb5 Nxb5 59. c4 Nc3 60. c5 Nxd5 61. exd5 a4 62. c6 Ke7 63. h5 a3 64. h6 a2 65. h7 a1Q 66. h8Q Qg1+ 67. Kf3 Qd1+ 68. Ke3 1/2-1/2

[Event "HUN-chT2 Barcza 0304"]
[Site "Hungary"]
[Date "2004.04.18"]
[Round "11"]
[White "Herman, Tamas"]
[Black "Vanczak, Attila"]
[Result "1/2-1/2"]
[WhiteElo "2245"]
[BlackElo "2245"]
[PlyCount "21"]
[EventDate "2003.08.29"]
[EventType "team"]
[EventRounds "11"]
[EventCountry "HUN"]
[SourceTitle "EXT 2009"]
[Source "ChessBase"]
[SourceDate "2008.11.26"]
[SourceVersion "1"]
[SourceVersionDate "2008.11.26"]
[SourceQuality "1"]
[WhiteTeam "Tiszaujvaros"]
[BlackTeam "Miskolc EMSE"]
[WhiteTeamCountry "HUN"]
[BlackTeamCountry "HUN"]

1. e4 c5 2. Nc3 Nc6 3. g3 g6 4. Bg2 Bg7 5. d3 e6 6. Be3 d6 7. Qd2 Nd4 8. Nd1 h6 9. c3 Nc6 10. Ne2 Nge7 11. 0-0 1/2-1/2

[Event "HUN-chT2 Barcza 0304"]
[Site "Hungary"]
[Date "2004.04.04"]
[Round "10"]
[White "Radics, Laszlo"]
[Black "Vanczak, Attila"]
[Result "0-1"]
[WhiteElo "2153"]
[BlackElo "2245"]
[PlyCount "74"]
[EventDate "2003.08.29"]
[EventType "team"]
[EventRounds "11"]
[EventCountry "HUN"]
[SourceTitle "EXT 2009"]
[Source "ChessBase"]
[SourceDate "2008.11.26"]
[SourceVersion "1"]
[SourceVersionDate "2008.11.26"]
[SourceQuality "1"]
[WhiteTeam "Szabolcs Volan"]
[BlackTeam "Miskolc EMSE"]
[WhiteTeamCountry "HUN"]
[BlackTeamCountry "HUN"]

1. e4 c5 2. Nf3 Nc6 3. d4 cxd4 4. Nxd4 Nf6 5. Nc3 e5 6. Ndb5 d6 7. a4 a6 8. Na3 Bg4 9. Be2 Bxe2 10. Qxe2 d5 11. exd5 Nxd5 12. Nxd5 Qxd5 13. 0-0 Nd4 14. Qd1 Rd8 15. Be3 Qc6 16. Qh5 Qe6 17. Rfe1 g6 18. Qg5 Be7 19. Qg3 Nf5 20. Qh3 0-0 21. b3 Bb4 22. Rf1 Qe7 23. Nc4 b5 24. axb5 axb5 25. Ra7 Qe6 26. Nb2 e4 27. Bg5 Ra8 28. Rfa1 Rxa7 29. Rxa7 Qe5 30. g4 Nd4 31. Bh6 Nf3+ 32. Kg2 Qxb2 33. Bxf8 Bxf8 34. Ra8 Qxc2 35. Qh6 Qc5 36. h4 Qd6 37. Kf1 Qd1+ 0-1

[Event "HUN-chT2 Barcza 0304"]
[Site "Hungary"]
[Date "2003.11.30"]
[Round "4"]
[White "Vanczak, Attila"]
[Black "Kiss, Sandor1111"]
[Result "1-0"]
[WhiteElo "2245"]
[BlackElo "2108"]
[PlyCount "91"]
[EventDate "2003.08.29"]
[EventType "team"]
[EventRounds "11"]
[EventCountry "HUN"]
[SourceTitle "EXT 2009"]
[Source "ChessBase"]
[SourceDate "2008.11.26"]
[SourceVersion "1"]
[SourceVersionDate "2008.11.26"]
[SourceQuality "1"]
[WhiteTeam "Miskolc EMSE"]
[BlackTeam "Tiszavasvar"]
[WhiteTeamCountry "HUN"]
[BlackTeamCountry "HUN"]

1. d4 Nf6 2. Nf3 d5 3. c4 e6 4. Nc3 c5 5. cxd5 exd5 6. g3 Nc6 7. Bg2 Be7 8. 0-0 0-0 9. Bg5 h6 10. Bf4 Bf5 11. Rc1 c4 12. Ne5 Ne4 13. Nxe4 Bxe4 14. Nxc6 bxc6 15. Bxe4 dxe4 16. Rxc4 Qd5 17. Qc2 g5 18. Bd2 Bf6 19. e3 Rfe8 20. Rxc6 Re6 21. Rc5 Qd6 22. d5 Ree8 23. Rc6 Qd8 24. Rd1 Rb8 25. Bc3 Re5 26. Rxf6 Qxf6 27. d6 Qe6 28. Bxe5 Qxe5 29. d7 Rd8 30. Qc8 Qe7 31. b4 Kh7 32. b5 h5 33. h3 h4 34. gxh4 g4 35. Qxd8 Qxd8 36. hxg4 f5 37. g5 f4 38. exf4 Kg6 39. Kg2 e3 40. fxe3 Kf5 41. Rd4 Kg4 42. h5 Qa8+ 43. e4 Qd8 44. e5 Qa8+ 45. Kg1 Qd8 46. Kf2 1-0

[Event "HUN-chT2 Barcza 0203"]
[Site "Hungary"]
[Date "2003.04.13"]
[Round "11"]
[White "Gaal, Attila"]
[Black "Vanczak, Attila"]
[Result "1/2-1/2"]
[WhiteElo "2045"]
[BlackElo "2230"]
[PlyCount "81"]
[EventDate "2002.09.22"]
[EventType "team"]
[EventRounds "11"]
[EventCountry "HUN"]
[SourceTitle "EXT 2009"]
[Source "ChessBase"]
[SourceDate "2008.11.26"]
[SourceVersion "1"]
[SourceVersionDate "2008.11.26"]
[SourceQuality "1"]

1. e4 c5 2. Nc3 Nc6 3. g3 g6 4. d3 Bg7 5. Be3 d6 6. Qd2 e6 7. Bg2 a6 8. Nge2 Nd4 9. 0-0 Ne7 10. Rae1 0-0 11. Nd1 f5 12. c3 Nxe2+ 13. Rxe2 Qc7 14. Bh6 Rb8 15. Bxg7 Kxg7 16. f4 b5 17. Ne3 b4 18. g4 Bd7 19. gxf5 exf5 20. h4 Bc6 21. Nd5 Bxd5 22. exd5 a5 23. Rfe1 Ng8 24. c4 Rb7 25. b3 Qd8 26. Re6 Re7 27. Rxe7+ Nxe7 28. d4 Nc8 29. dxc5 dxc5 30. Re6 Rf6 31. Qb2 Kf7 32. h5 Rxe6 33. dxe6+ Kxe6 34. Bd5+ Kd7 35. hxg6 hxg6 36. Qh2 Qe7 37. Kf2 Nd6 38. Qh8 Ne4+ 39. Kg2 Nf6 40. Bf3 Ne4 41. Qa8 1/2-1/2